| 000 | 00000nam##2200000za#4500 |
| 001 | 9.580818 |
| 003 | CaOODSP |
| 005 | 20210624191224 |
| 007 | cr ||||||||||| |
| 008 | 150406|2001||||xxc|||||o f|0| 0 eng|d |
| 040 | |aCaOODSP|beng |
| 043 | |an-cn--- |
| 086 | 1 |aNH18-22/101-103E-PDF |
| 110 | 2 |aCanada Mortgage and Housing Corporation. |
| 245 | 10|aEnergy use patterns in off-grid houses |h[electronic resource] |
| 250 | |aRevised 2006 |
| 260 | |aOttawa - Ontario : |bCanada Mortgage and Housing Corporation |cc2001, 2006. |
| 300 | |a24p.|bcoloured illus., tables |
| 490 | 1 |aResearch and development highlights; technical series |v01-103 |
| 500 | |aFile reproduced from original print. |
| 590 | |a14-16-Supp|b2014-09-25 |
| 775 | 08|tConsommation d'énergie dans les maisons hors réseau / |w(CaOODSP)9.607761 |
| 776 | 0#|tEnergy use patterns in off-grid houses |w(CaOODSP)9.615744 |
| 830 | #0|aResearch and development highlights; technical series ;|v01-103|w(CaOODSP)9.504481 |
| 856 | 40|ahttp://publications.gc.ca|qPDF|s782 KB|uhttps://publications.gc.ca/collections/collection_2014/schl-cmhc/NH18-22-101-103-eng.pdf|y01-103 |